<?xml version="1.0" encoding="UTF-8"?>
<record
    xmlns:xsi="http://www.w3.org/2001/XMLSchema-instance"
    xsi:schemaLocation="http://www.loc.gov/MARC21/slim http://www.loc.gov/standards/marcxml/schema/MARC21slim.xsd"
    xmlns="http://www.loc.gov/MARC21/slim">

  <leader>01208nam a2200289 a 4500</leader>
  <controlfield tag="008">211221s2020       ade|fr|||| 001 0 spa d</controlfield>
  <datafield tag="020" ind1=" " ind2=" ">
    <subfield code="a">S/D</subfield>
  </datafield>
  <datafield tag="041" ind1=" " ind2=" ">
    <subfield code="a">spa</subfield>
  </datafield>
  <datafield tag="092" ind1=" " ind2=" ">
    <subfield code="c">720</subfield>
    <subfield code="l">6</subfield>
    <subfield code="s">BER</subfield>
  </datafield>
  <datafield tag="100" ind1="1" ind2=" ">
    <subfield code="a">Bertoni, Mario Raul.</subfield>
    <subfield code="9">4151</subfield>
  </datafield>
  <datafield tag="245" ind1=" " ind2=" ">
    <subfield code="a">Arquitectura y salud.</subfield>
    <subfield code="b">Fundamentos b&#xE1;sicos para estudiantes y profesionales de ambas disciplinas /</subfield>
    <subfield code="c">Mario Raul Bertoni</subfield>
  </datafield>
  <datafield tag="250" ind1=" " ind2=" ">
    <subfield code="a">1a ed.</subfield>
  </datafield>
  <datafield tag="260" ind1=" " ind2=" ">
    <subfield code="a">Neuqu&#xE9;n:</subfield>
    <subfield code="b">Biblos Gr&#xE1;fica;</subfield>
    <subfield code="c">2021.</subfield>
  </datafield>
  <datafield tag="300" ind1=" " ind2=" ">
    <subfield code="a">382 p.</subfield>
    <subfield code="b">il.</subfield>
  </datafield>
  <datafield tag="500" ind1=" " ind2=" ">
    <subfield code="a">Bertoni, M. R. (2021). Arquitectura y salud. Fundamentos b&#xE1;sicos para estudiantes y profesionales de ambas disciplinas. (1a ed.). Neuqu&#xE9;n : Biblos Gr&#xE1;fica.
</subfield>
  </datafield>
  <datafield tag="590" ind1=" " ind2=" ">
    <subfield code="a">Donaci&#xF3;n diciembre 2021.</subfield>
  </datafield>
  <datafield tag="653" ind1="3" ind2=" ">
    <subfield code="a">La ps&#xED;cologia fundamental de las percepciones</subfield>
  </datafield>
  <datafield tag="653" ind1="3" ind2=" ">
    <subfield code="a">La valoraci&#xF3;n est&#xE9;tica de las percepciones puras</subfield>
  </datafield>
  <datafield tag="653" ind1="4" ind2=" ">
    <subfield code="a">Los medios de expresi&#xF3;n de la arquitectura</subfield>
  </datafield>
  <datafield tag="653" ind1="3" ind2=" ">
    <subfield code="a">La expresi&#xF3;n arquitect&#xF3;nica</subfield>
  </datafield>
  <datafield tag="653" ind1="3" ind2=" ">
    <subfield code="a">La est&#xE9;tica de la textura</subfield>
  </datafield>
  <datafield tag="653" ind1="3" ind2=" ">
    <subfield code="a">La expresi&#xF3;n visual y su funci&#xF3;n de la construcci&#xF3;n</subfield>
  </datafield>
  <datafield tag="653" ind1="3" ind2=" ">
    <subfield code="a">La expresi&#xF3;n visual del material</subfield>
  </datafield>
  <datafield tag="653" ind1=" " ind2=" ">
    <subfield code="a">Percepci&#xF3;n, expresi&#xF3;n y emoci&#xF3;n</subfield>
  </datafield>
  <datafield tag="653" ind1="3" ind2=" ">
    <subfield code="a">La experiencia arquitect&#xF3;nica del recinto</subfield>
  </datafield>
  <datafield tag="942" ind1=" " ind2=" ">
    <subfield code="2">ddc</subfield>
    <subfield code="c">BK</subfield>
  </datafield>
  <datafield tag="999" ind1=" " ind2=" ">
    <subfield code="c">3118</subfield>
    <subfield code="d">3118</subfield>
  </datafield>
  <datafield tag="952" ind1=" " ind2=" ">
    <subfield code="0">0</subfield>
    <subfield code="1">0</subfield>
    <subfield code="2">ddc</subfield>
    <subfield code="4">0</subfield>
    <subfield code="7">0</subfield>
    <subfield code="8">NFIC</subfield>
    <subfield code="a">BFM</subfield>
    <subfield code="b">BFM</subfield>
    <subfield code="c">CR</subfield>
    <subfield code="d">2021-12-20</subfield>
    <subfield code="e">Donaci&#xF3;n diciembre 2021</subfield>
    <subfield code="l">0</subfield>
    <subfield code="o">720 6 BER</subfield>
    <subfield code="p">4689</subfield>
    <subfield code="r">2021-12-21</subfield>
    <subfield code="t">Ej. 1</subfield>
    <subfield code="w">2021-12-21</subfield>
    <subfield code="y">BK</subfield>
    <subfield code="z">Donaci&#xF3;n diciembre 2021</subfield>
    <subfield code="f"></subfield>
  </datafield>
</record>
